|
|
|
|
| LEADER |
01415nam a2200289 u 4500 |
| 001 |
10046936 |
| 003 |
upatras |
| 005 |
20250118063356.0 |
| 008 |
030523s1990 gr gre |
| 040 |
|
|
|a GR-PaULI
|c GR-PaULI
|
| 041 |
0 |
|
|a gre
|
| 084 |
|
|
|a QA 76.754
|
| 100 |
1 |
|
|a Hergert, Douglas
|9 1558
|
| 245 |
1 |
0 |
|a Εγχειρίδιο Framework III
|c Douglas Hergert, Jonathan Kamin; Απόδοση: Γιάννης Β. Σαμαράς, Αλ. Ι. Τσίτσοβιτς
|
| 260 |
|
|
|a Αθήνα
|b Μόσχος Γκιούρδας
|c 1990
|
| 300 |
|
|
|a xxi, 608 σ.
|b εικ., σχήμ.
|c 24 εκ.
|
| 500 |
|
|
|a Μετάφραση της 3ης Αμερικανικής έκδοσης 1989
|
| 504 |
|
|
|a Περιλαμβάνει ευρετήριο
|
| 650 |
|
4 |
|a Προγράμματα ηλεκτρονικών υπολογιστών
|x Framework III
|9 38098
|
| 650 |
|
4 |
|a Ηλεκτρονικοί υπολογιστές
|x Προγράμματα
|9 560
|
| 700 |
1 |
|
|a Τσίτσοβιτς, Αλέκος
|4 trl
|9 8070
|
| 700 |
1 |
|
|a Σαμαράς, Γιάννης Β.,
|d 1924-2020
|4 trl
|9 4102
|
| 852 |
|
|
|a GR-PaULI
|b ΠΑΤΡΑ
|b ΙΑΤΡΙΚΗ
|k ΑΣΧΕ-10
|h QA 76.754 HER
|m 641
|p 025000026885
|t 1
|
| 942 |
|
|
|2 ddc
|c BK15
|
| 952 |
|
|
|0 0
|1 0
|4 0
|6 QA_76_754000000000000_HER
|7 0
|9 37062
|a MEDI
|b MEDI
|d 2016-04-24
|i 641
|l 0
|o QA 76.754 HER
|p 025000026885
|r 2016-04-24 00:00:00
|t 1
|w 2016-04-24
|y BK15
|
| 998 |
|
|
|c ΙΩΑΝΝΙΔΗ
|d 2003-05
|
| 999 |
|
|
|c 23775
|d 23775
|